Score 0/20 Timer 07:00
1 Play Today
Hint Answer % Correct
Primary RivalUtah
98.2%
StateUtah
97.6%
Team ColorAggie Blue
89.8%
Team ColorWhite
89.2%
No. of Men's Varsity Sports6
75.3%
No. of Women's Varsity Sports8
75.3%
NicknameAggies
75.1%
Primary RivalBYU
69.9%
ConferenceMWC
64%
Famous Alum: QB Jordan ____Love
53%
Hint Answer % Correct
CityLogan
47.1%
Famous Alum: DT Merlin ______Olsen
46.4%
Famous Alum: TE _____ CooleyChris
39.2%
Sport w/ most NCAA ChampionshipsSoftball (2)
18.7%
MascotBig Blue
18.1%
Football StadiumMaverik Stadium
16.9%
Basketball ArenaSmith Spectrum
16.5%
Fight SongThe Scotsman
16.3%
Athletic DirectorJohn Hartwell
13.9%
Fight SongHail the Utah Aggies
13.3%
Remove Ads.
Support Sporcle.
Get the best of Sporcle when you Go Orange. This ad-free experience offers more features, more stats, and more fun while also helping to support Sporcle. Thank you for becoming a member.

You're not logged in!

Compare scores with friends on all Sporcle quizzes.
OR
Log In

Show Comments

Extras

Top Quizzes Today


Score Distribution

Your Account Isn't Verified!

In order to create a playlist on Sporcle, you need to verify the email address you used during registration. Go to your Sporcle Settings to finish the process.

Report this User

Report this user for behavior that violates our Community Guidelines.

Details: